|
|
|
|
| LEADER |
02400nam a2200637 i 4500 |
| 001 |
nkc20172956969 |
| 003 |
CZ PrNK |
| 005 |
20220125112608.0 |
| 007 |
ta |
| 008 |
171124s2017 xr abcee 000 0 cze |
| 015 |
|
|
|a cnb002956969
|
| 020 |
|
|
|a 978-80-87624-54-8
|q (brožováno)
|
| 035 |
|
|
|a (OCoLC)1019655662
|
| 040 |
|
|
|a OLA001
|b cze
|e rda
|
| 043 |
|
|
|a e-gx---
|a e-pl---
|
| 045 |
|
|
|a x3x4
|
| 072 |
|
7 |
|a 355/359
|x Vojenství. Obrana země. Ozbrojené síly
|2 Konspekt
|9 15
|
| 080 |
|
|
|a 355.4(091)
|2 MRF
|
| 080 |
|
|
|a 69:623
|2 MRF
|
| 080 |
|
|
|a 69.035.4
|2 MRF
|
| 080 |
|
|
|a 355.48(100)"1939/1945"
|2 MRF
|
| 080 |
|
|
|a (430)
|2 MRF
|
| 080 |
|
|
|a (438)
|2 MRF
|
| 080 |
|
|
|a (438-13)
|2 MRF
|
| 080 |
|
|
|a (0:82-96)
|2 MRF
|
| 100 |
1 |
|
|a Kučera, Milan Zacha,
|d 1973-
|7 hka2012731471
|4 aut
|
| 245 |
1 |
0 |
|a Největší tajemství třetí říše /
|c Milan Zacha Kučera
|
| 250 |
|
|
|a Třetí doplněné a rozšířené vydání
|
| 264 |
|
1 |
|a V Ústí nad Labem :
|b AOS Publishing,
|c 2017
|
| 300 |
|
|
|a 348 stran :
|b ilustrace (některé barevné), mapy, portréty, plány ;
|c 21 cm
|
| 336 |
|
|
|a text
|b txt
|2 rdacontent
|
| 337 |
|
|
|a bez média
|b n
|2 rdamedia
|
| 338 |
|
|
|a svazek
|b nc
|2 rdacarrier
|
| 500 |
|
|
|a Obálkový podnázev: případ zlatého vlaku
|
| 504 |
|
|
|a Obsahuje bibliografii
|
| 648 |
|
4 |
|a 1943-1945
|
| 648 |
|
7 |
|a 1939-1945
|7 ch460653
|2 czenas
|
| 650 |
0 |
7 |
|a vojenské dějiny
|7 ph269104
|z Německo
|y 1939-1945
|2 czenas
|
| 650 |
0 |
7 |
|a vojenské stavby
|7 ph316217
|z Polsko
|y 1939-1945
|2 czenas
|
| 650 |
0 |
7 |
|a podzemní prostory
|7 ph124176
|z Polsko
|2 czenas
|
| 650 |
0 |
7 |
|a druhá světová válka (1939-1945)
|7 ph117270
|2 czenas
|
| 650 |
0 |
9 |
|a military history
|z Germany
|y 1939-1945
|2 eczenas
|
| 650 |
0 |
9 |
|a military construction
|z Poland
|y 1939-1945
|2 eczenas
|
| 650 |
0 |
9 |
|a underground areas
|z Poland
|2 eczenas
|
| 650 |
0 |
9 |
|a World War (1939-1945)
|2 eczenas
|
| 651 |
|
7 |
|a Soví hory (Polsko)
|7 ge311484
|2 czenas
|
| 651 |
|
9 |
|a Góry Sowie Mountains (Poland)
|2 eczenas
|
| 653 |
0 |
|
|a Anlage Riese
|
| 655 |
|
7 |
|a literatura faktu
|7 fd132773
|2 czenas
|
| 655 |
|
9 |
|a non-fiction
|2 eczenas
|
| 910 |
2 |
|
|a BOA001
|b 2-1397.729
|
| 990 |
|
|
|a BK
|
| 995 |
|
|
|a 01
|
| 991 |
|
|
|b 201712
|c NOV
|
| 996 |
6 |
|
|b 2610726568
|c 2-1397.729
|l MZK
|r Sklad / do 1 hodiny
|n 0
|p p.v.
|w 001641689
|u 000010
|a 1
|e BOA001
|j MZK50
|s P
|
| 996 |
7 |
|
|b 2610730046
|c 2-1397.729
|l MZK
|r Sklad / do 1 hodiny
|n 12
|p kup
|w 001641689
|u 000020
|a 1
|e BOA001
|j MZK50
|s A
|